25 ans de découvertes archéologiques sur les chantiers de l'IFAO, 1981-2006 : exposition au Musée égyptien, Le Caire, 9 septembre-13 octobre 2007 /

محفوظ في:

مؤلف مشترك: Matḥaf al-Miṣrī.

مؤلفون آخرون: Cherpion, Nadine.

التنسيق: كتاب

اللغة: French
English
Arabic

منشور في: Le Caire : Institut français d'archéologie orientale, 2007.

سلاسل: Bibliothèque générale (Institut français d'archéologie orientale) ; 31.

الموضوعات:

الوسوم: إضافة وسم

لا توجد وسوم, كن أول من يضع وسما على هذه التسجيلة!

رقم الطلب: DT56.8 .I57 V28 2007

LEADER 01451namaa2200325 4500
001 12677
003 OSt
005 20241106091749.0
008 130303s2007 ua ab c 000 0 fre d
952 |0 0  |1 0  |2 lcc  |4 0  |6 DT00568 I57 V28 02007  |7 1  |9 16314  |a ARCE  |b ARCE  |d 2021-06-20  |l 0  |o DT56.8 .I57 V28 2007  |p 1011326  |r 2021-06-20 00:00:00  |w 2021-06-20  |y BK 
999 |c 12868  |d 12868 
010 |a 2007452184 
020 |a 9782724704709 
040 |c ARCE Library 
041 0 |a fre  |a eng  |a ara 
043 |a f-ua--- 
050 4 |a DT56.8 .I57 V28 2007 
245 0 0 |a 25 ans de découvertes archéologiques sur les chantiers de l'IFAO, 1981-2006 :   |b exposition au Musée égyptien, Le Caire, 9 septembre-13 octobre 2007 /   |c [conception et coordination générale de l'exposition, Nadine Cherpion]. 
264 1 |a Le Caire :   |b Institut français d'archéologie orientale,   |c 2007. 
300 |a 73 pages :  |b Illustrationen, map ;  |c 26 cm. 
490 1 |a Bibliothèque générale (Institut français d'archéologie orientale) ;   |v 31. 
546 |a French, English, and Arabic. 
610 2 0 |a Institut français d'archéologie orientale du Caire  |v Exhibitions. 
650 0 |a Excavations (Archaeology)  |z Egypt  |v Exhibitions.  
651 0 |a Egypt  |x Antiquities  |v Exhibitions. 
700 1 |a Cherpion, Nadine.  |9 27976 
710 2 |a Matḥaf al-Miṣrī. 
830 0 |a Bibliothèque générale (Institut français d'archéologie orientale) ;   |v 31. 
901 |a reviewed 
942 |c BK  |2 lcc